• 首页
  • 本馆介绍
  • 公告通知
  • 最新文献
  • 馆藏检索
  • 电子资源
  • 读者导购
  • 参考咨询
  • 我的图书馆
  • 登录
  • 详细信息显示
  • 放入我的书架
  • 预约/预借图书
  • 作者相关作品
  • 分类相关作品
  • 丛书相关作品
  • 出版社相关作品

书目信息

  • 表格格式
  • 工作单格式
  • 卡片格式
题名:
木雕制作技法
    
 
作者: 李友生 著
分册:  
出版信息: 北京   北京工艺美术出版社  1996.4
页数: 100页
开本: 19cm
丛书名: 中国传统手工技艺丛书
单 册:
中图分类: J314.2
科图分类:
主题词: 雕塑--(技术)美术
电子资源:
ISBN: 7-80526-170-9
000 00622nam0 2200217 45
001 0003011585
005 20040521085202.9
010    @a7-80526-170-9@dCNY7.00
100    @a20000301d1996 km y0chiy0120 ea
101 0  @achi
105    @a z 000yy
200 1  @a木雕制作技法@AMu Diao Zhi Zuo Ji Fa@f李友生著@FLi You Sheng Zhu
210    @a北京@c北京工艺美术出版社@d1996.4
215    @a100页@d19cm
225    @a中国传统手工技艺丛书
410    @12001 @a中国传统手工技艺丛书
606 0  @a雕塑@x(技术)美术
690    @aJ314.2@v1
701  0 @a李友生@4著
801    @aCN@bTSTC@c20000301
905    @dJ314.2@e5@f2@b285396-397
    
    木雕制作技法/李友生著.-北京:北京工艺美术出版社,1996.4
    100页;19cm.-(中国传统手工技艺丛书)
    
    
    ISBN 7-80526-170-9:CNY7.00
    
●
相关链接 在E读中查询图书 在五车中查询图书 在当当中查询图书 在豆瓣中查询图书


正题名:木雕制作技法     索取号:J314.2/5         预约/预借

序号 登录号 条形码 馆藏地/架位号 状态 备注
1 0285396   002853969   第一借阅区/ [索取号:J314.2/5] 在馆    
2 0285397   002853978   密集书库/ [索取号:J314.2/5] 在馆    
3 0285398   002853987   第一样本阅览室/ [索取号:J314.2/5] 在馆    
4 2853970   2853978   第一借阅区/ [索取号:J314.2/5] 在馆    
唐山师范学院图书馆 欢迎您!
大连网信软件有限公司© 版权所有